00521nam a2200193 a 4500001001300000003000900013005001700022008004100039020002300080082001400103100001600117245004500133260004800178300000900226500003500235505002400270650001700294700001600311nice12345678IN_TiNIC20260116014343.0111005s2011 newa grp 000 0 eng  a9788184572841c75000a323bKUM1 aKumar, Ravi aPromotion and Protection of Human Rights aNew Delhi bKanishka Pubs. & Distbs. c2011 a264p aincludes index and biblioraphy2 aBibliography, Index aHuman Rights1 aKumar, Ravi